| 000 | 00963 am a2200301ua 4500 | ||
|---|---|---|---|
| 001 | 008078180 | ||
| 003 | EG-ScBUE | ||
| 005 | 20220822104515.0 | ||
| 008 | 910221s1989 nyue f 000 0 eng d | ||
| 020 | _a048626145X (pbk) | ||
| 020 | _a9780486261454 | ||
| 040 |
_aUk _beng _erda _cUk _dEG-ScBUE |
||
| 082 | 0 | 4 |
_a720 _222 _bRUS |
| 100 | 1 |
_aRuskin, John, _d1819-1900, _eauthor, _eillustrator. _935779 |
|
| 245 | 1 | 4 |
_aThe seven lamps of architecture / _cby John Ruskin ; illustrations by the author. |
| 264 | 1 |
_aNew York : _bDover Publications, Inc., _c1989. |
|
| 300 |
_axii, 222 pages : _bplans ; _c24 cm. |
||
| 336 |
_2rdacontent _atext _btxt |
||
| 337 |
_2rdamedia _aunmediated _bn |
||
| 338 |
_2rdacarrier _avolume _bnc |
||
| 490 | 0 | _aDover books on architecture | |
| 500 | _aIncludes Appendices. | ||
| 650 | 7 |
_aArchitecture. _95773 _2BUEsh |
|
| 651 | _2BUEsh | ||
| 653 |
_bENGARC _cMarch2014 |
||
| 655 |
_vReading book _934232 |
||
| 942 |
_2ddc _k720 RUS _cBB |
||
| 999 |
_c18186 _d18158 |
||